[Event "2nd Turkish League 2017"]
[Site "Konya"]
[Date "2017.07.18"]
[Round "3"]
[White "Ozdemir, Ali"]
[Black "Sahinoglu, Hakan"]
[Result "1/2-1/2"]
[WhiteElo "1762"]
[BlackElo "1835"]
[Annotator "NA"]
[PlyCount "85"]
[EventType "team-tourn"]
[EventCountry "TUR"]
[SourceTitle "playchess.com"]
[Source "ChessBase"]
[SourceQuality "1"]
[TimeControl "5400+30"]

1. e4 {[%emt 0:00:30]} c5 {[%emt 0:01:00]} 2. Nf3 {[%emt 0:00:30]} Nc6 {[%emt 0:00:30]} 3. d4 {[%emt 0:00:30]} cxd4 {[%emt 0:00:00]} 4. Nxd4 {[%emt 0:00:30]} Nf6 {[%emt 0:00:00]} 5. Nc3 {[%emt 0:00:30]} e5 {[%emt 0:00:00]} 6. Ndb5 {[%emt 0:00:00]} d6 {[%emt 0:00:00]} 7. Bg5 {[%emt 0:00:00]} a6 {[%emt 0:00:00]} 8. Na3 {[%emt 0:00:30]} b5 {[%emt 0:00:00]} 9. Nd5 {[%emt 0:00:30]} Be7 {[%emt 0:00:30]} 10. Bxf6 {[%emt 0:00:00]} Bxf6 {[%emt 0:00:00]} 11. c3 {[%emt 0:00:00]} O-O {[%emt 0:00:00]} 12. Nc2 {[%emt 0:00:30]} Bg5 {[%emt 0:00:30]} 13. a4 {[%emt 0:01:30]} Rb8 {[%emt 0:00:30]} 14. axb5 {[%emt 0:01:30]} axb5 {[%emt 0:00:30]} 15. Ncb4 {[%emt 0:20:30]} Nxb4 {[%emt 0:03:30]} 16. Nxb4 {[%emt 0:00:30]} Qb6 {[%emt 0:03:30]} 17. Qh5 {[%emt 0:09:30]} Bd8 {[%emt 0:02:30]} 18. Bd3 {[%emt 0:02:30]} g6 {[%emt 0:00:30]} 19. Qe2 {[%emt 0:20:30]} f5 {[%emt 0:02:30]} 20. f3 {[%emt 0:04:30]} Bg5 {[%emt 0:11:30]} 21. Qf2 {[%emt 0:03:30]} Be3 {[%emt 0:04:30]} 22. Qe2 {[%emt 0:00:00]} Bb7 {[%emt 0:07:30]} 23. exf5 {[%emt 0:21:05]} gxf5 {[%emt 0:08:30]} 24. Nc2 {[%emt 0:01:16]} Bf4 {[%emt 0:03:30]} 25. Qf2 {[%emt 0:01:10]} Qc7 {[%emt 0:06:30]} 26. O-O {[%emt 0:01:38]} Bd5 {[%emt 0:08:30]} 27. Nb4 {[%emt 0:02:30]} Be6 {[%emt 0:02:30]} 28. Na6 {[%emt 0:03:04]} Qb6 {[%emt 0:00:30]} 29. Qxb6 {[%emt 0:00:03]} Rxb6 {[%emt 0:00:30]} 30. Nb4 {[%emt 0:00:50]} Be3+ {[%emt 0:07:30]} 31. Kh1 {[%emt 0:00:10]} Rbb8 {[%emt 0:00:00]} 32. Rfe1 {[%emt 0:02:10]} Bf2 {[%emt 0:06:00]} 33. Rf1 {[%emt 0:00:41]} Bc5 {[%emt 0:04:57]} 34. Na6 {[%emt 0:02:07]} Rb7 {[%emt 0:01:54]} 35. Nxc5 {[%emt 0:00:58]} dxc5 {[%emt 0:00:08]} 36. Ra5 {[%emt 0:00:47]} c4 {[%emt 0:01:47]} 37. Bc2 {[%emt 0:00:53]} Rd8 {[%emt 0:03:54]} 38. Raa1 {[%emt 0:00:23]} Rd2 {[%emt 0:00:00]} 39. Rfc1 {[%emt 0:00:41]} Rbd7 {[%emt 0:00:55]} 40. Bd1 {[%emt 0:00:32]} Rxb2 {[%emt 0:00:26]} 41. Rab1 {[%emt 0:00:22]} Rdd2 {[%emt 0:00:03]} 42. Rxb2 {[%emt 0:00:34]} Rxb2 {[%emt 0:00:30]} 43. Kg1 {[%emt 0:00:00]} 1/2-1/2

[Event "2nd Turkish League 2017"]
[Site "Konya"]
[Date "2017.07.18"]
[Round "3"]
[White "Yakar, Ozan Tuna"]
[Black "Ibik, Halit Yavuz"]
[Result "1/2-1/2"]
[WhiteElo "1718"]
[BlackElo "2004"]
[Annotator "NA"]
[PlyCount "60"]
[EventType "team-tourn"]
[EventCountry "TUR"]
[SourceTitle "playchess.com"]
[Source "ChessBase"]
[SourceQuality "1"]
[TimeControl "5400+30"]

1. d4 {[%emt 0:00:30]} d5 {[%emt 0:01:00]} 2. Nf3 {[%emt 0:00:30]} Nf6 {[%emt 0:00:30]} 3. c4 {[%emt 0:00:30]} c6 {[%emt 0:00:30]} 4. Nc3 {[%emt 0:00:00]} e6 {[%emt 0:00:00]} 5. Bg5 {[%emt 0:01:00]} Nbd7 {[%emt 0:00:00]} 6. cxd5 {[%emt 0:00:30]} exd5 {[%emt 0:00:00]} 7. e3 {[%emt 0:01:30]} Qa5 {[%emt 0:05:00]} 8. Nd2 {[%emt 0:03:30]} Ne4 {[%emt 0:09:30]} 9. Ncxe4 {[%emt 0:00:00]} dxe4 {[%emt 0:00:30]} 10. Bh4 {[%emt 0:11:00]} Nb6 {[%emt 0:04:30]} 11. Be2 {[%emt 0:03:30]} f5 {[%emt 0:16:30]} 12. O-O {[%emt 0:03:30]} Be6 {[%emt 0:01:30]} 13. Qc2 {[%emt 0:14:30]} Bd6 {[%emt 0:05:30]} 14. Nc4 {[%emt 0:01:30]} Nxc4 {[%emt 0:00:30]} 15. Bxc4 {[%emt 0:00:30]} Bxc4 {[%emt 0:00:30]} 16. Qxc4 {[%emt 0:00:30]} Qd5 {[%emt 0:00:00]} 17. Qxd5 {[%emt 0:05:30]} cxd5 {[%emt 0:00:00]} 18. Bg3 {[%emt 0:00:00]} Kd7 {[%emt 0:05:30]} 19. Bxd6 {[%emt 0:05:00]} Kxd6 {[%emt 0:00:00]} 20. Rfc1 {[%emt 0:00:30]} g5 {[%emt 0:04:00]} 21. Rc5 {[%emt 0:06:30]} Rac8 {[%emt 0:04:30]} 22. Rac1 {[%emt 0:00:30]} Rxc5 {[%emt 0:00:30]} 23. Rxc5 {[%emt 0:00:30]} Rf8 {[%emt 0:03:30]} 24. Kf1 {[%emt 0:05:30]} f4 {[%emt 0:18:30]} 25. Ke2 {[%emt 0:10:30]} f3+ {[%emt 0:10:05]} 26. Kf1 {[%emt 0:09:01]} fxg2+ {[%emt 0:01:20]} 27. Kxg2 {[%emt 0:00:07]} h5 {[%emt 0:00:26]} 28. Rc1 {[%emt 0:02:10]} g4 {[%emt 0:02:29]} 29. Rc2 {[%emt 0:01:55]} Kd7 {[%emt 0:03:15]} 30. Rc5 {[%emt 0:05:19]} Kd6 {[%emt 0:00:43]} 1/2-1/2

[Event "2nd Turkish League 2017"]
[Site "Konya"]
[Date "2017.07.18"]
[Round "3"]
[White "Aslan, Huseyin"]
[Black "Turkmen, Huseyin Nafizhan"]
[Result "0-1"]
[WhiteElo "1654"]
[BlackElo "1817"]
[Annotator "NA"]
[PlyCount "82"]
[EventType "team-tourn"]
[EventCountry "TUR"]
[SourceTitle "playchess.com"]
[Source "ChessBase"]
[SourceQuality "1"]
[TimeControl "5400+30"]

1. e4 {[%emt 0:00:30]} d6 {[%emt 0:01:00]} 2. d4 {[%emt 0:00:00]} Nf6 {[%emt 0:00:30]} 3. Nc3 {[%emt 0:00:00]} g6 {[%emt 0:00:30]} 4. f4 {[%emt 0:00:00]} Bg7 {[%emt 0:00:00]} 5. Nf3 {[%emt 0:00:00]} c6 {[%emt 0:01:00]} 6. Bd3 {[%emt 0:01:30]} O-O {[%emt 0:03:30]} 7. O-O {[%emt 0:01:30]} b5 {[%emt 0:05:30]} 8. a3 {[%emt 0:00:30]} e6 {[%emt 0:04:30]} 9. Kh1 {[%emt 0:02:30]} Nbd7 {[%emt 0:03:30]} 10. e5 {[%emt 0:06:30]} Ne8 {[%emt 0:06:30]} 11. Qe1 {[%emt 0:02:30]} Bb7 {[%emt 0:08:30]} 12. f5 {[%emt 0:10:30]} exf5 {[%emt 0:11:30]} 13. Bg5 {[%emt 0:02:30]} Qc7 {[%emt 0:01:30]} 14. Be7 {[%emt 0:03:30]} Nxe5 {[%emt 0:11:30]} 15. Bxf8 {[%emt 0:01:30]} Nxf3 {[%emt 0:03:30]} 16. Rxf3 {[%emt 0:00:30]} Kxf8 {[%emt 0:00:30]} 17. Qh4 {[%emt 0:04:30]} Nf6 {[%emt 0:02:30]} 18. Bxf5 {[%emt 0:18:30]} c5 {[%emt 0:08:30]} 19. d5 {[%emt 0:03:30]} gxf5 {[%emt 0:07:47]} 20. Rxf5 {[%emt 0:01:30]} b4 {[%emt 0:01:27]} 21. Rxf6 {[%emt 0:08:30]} bxc3 {[%emt 0:03:04]} 22. bxc3 {[%emt 0:00:30]} Bxf6 {[%emt 0:05:21]} 23. Qxf6 {[%emt 0:00:30]} Qd8 {[%emt 0:00:47]} 24. Qf5 {[%emt 0:03:30]} Kg7 {[%emt 0:04:40]} 25. Rf1 {[%emt 0:05:30]} Qe7 {[%emt 0:00:43]} 26. h3 {[%emt 0:00:30]} Rf8 {[%emt 0:01:30]} 27. c4 {[%emt 0:11:27]} Bc8 {[%emt 0:01:17]} 28. Qh5 {[%emt 0:02:32]} Qe5 {[%emt 0:01:32]} 29. Qh4 {[%emt 0:00:10]} Bf5 {[%emt 0:00:53]} 30. Re1 {[%emt 0:00:54]} Qf6 {[%emt 0:00:17]} 31. Qg3+ {[%emt 0:00:23]} Qg6 {[%emt 0:00:30]} 32. Qc3+ {[%emt 0:00:30]} Qf6 {[%emt 0:00:30]} 33. Qg3+ {[%emt 0:00:07]} Bg6 {[%emt 0:01:14]} 34. h4 {[%emt 0:00:02]} h5 {[%emt 0:00:02]} 35. Kg1 {[%emt 0:01:14]} Rb8 {[%emt 0:00:41]} 36. Kh2 {[%emt 0:03:50]} Rb2 {[%emt 0:00:54]} 37. Re2 {[%emt 0:00:30]} Kh7 {[%emt 0:00:00]} 38. Rf2 {[%emt 0:03:39]} Qd4 {[%emt 0:01:12]} 39. Rf4 {[%emt 0:01:16]} Qe5 {[%emt 0:00:15]} 40. Qf3 {[%emt 0:02:14]} Rxc2 {[%emt 0:00:13]} 41. Kh3 {[%emt 0:00:26]} Rc3 {[%emt 0:00:08]} 0-1

[Event "2nd Turkish League 2017"]
[Site "Konya"]
[Date "2017.07.18"]
[Round "3"]
[White "Turkkan, Ece"]
[Black "Kahya, Gizem"]
[Result "0-1"]
[WhiteElo "1532"]
[BlackElo "1634"]
[Annotator "NA"]
[PlyCount "52"]
[EventType "team-tourn"]
[EventCountry "TUR"]
[SourceTitle "playchess.com"]
[Source "ChessBase"]
[SourceQuality "1"]
[TimeControl "5400+30"]

1. d4 {[%emt 0:00:30]} f5 {[%emt 0:01:00]} 2. Bg5 {[%emt 0:00:00]} Nf6 {[%emt 0:04:30]} 3. Nc3 {[%emt 0:07:00]} e6 {[%emt 0:05:30]} 4. e3 {[%emt 0:01:30]} Be7 {[%emt 0:00:00]} 5. Bd3 {[%emt 0:01:30]} O-O {[%emt 0:00:00]} 6. Qf3 {[%emt 0:14:30]} d5 {[%emt 0:06:30]} 7. Nge2 {[%emt 0:13:30]} Ne4 {[%emt 0:05:30]} 8. Bxe7 {[%emt 0:00:30]} Qxe7 {[%emt 0:00:30]} 9. h4 {[%emt 0:04:30]} c6 {[%emt 0:06:30]} 10. O-O-O {[%emt 0:04:30]} Nd7 {[%emt 0:03:30]} 11. Bxe4 {[%emt 0:02:30]} fxe4 {[%emt 0:02:30]} 12. Qg3 {[%emt 0:01:30]} e5 {[%emt 0:01:30]} 13. Rdf1 {[%emt 0:06:30]} b5 {[%emt 0:05:30]} 14. f4 {[%emt 0:10:30]} exf3 {[%emt 0:01:30]} 15. Rxf3 {[%emt 0:00:30]} Rxf3 {[%emt 0:01:30]} 16. Qxf3 {[%emt 0:00:00]} Bb7 {[%emt 0:03:30]} 17. g4 {[%emt 0:10:24]} Rf8 {[%emt 0:00:30]} 18. Qg2 {[%emt 0:00:44]} exd4 {[%emt 0:00:30]} 19. exd4 {[%emt 0:01:25]} Qe3+ {[%emt 0:13:30]} 20. Kb1 {[%emt 0:04:10]} b4 {[%emt 0:01:30]} 21. Nd1 {[%emt 0:00:30]} Qd2 {[%emt 0:01:30]} 22. Qg3 {[%emt 0:11:06]} Qxe2 {[%emt 0:00:30]} 23. Qc7 {[%emt 0:00:13]} Bc8 {[%emt 0:01:30]} 24. Qxc6 {[%emt 0:00:48]} Nb6 {[%emt 0:01:30]} 25. Qd6 {[%emt 0:02:59]} Bxg4 {[%emt 0:02:30]} 26. Qxb4 {[%emt 0:00:38]} Rf1 {[%emt 0:00:30]} 0-1

[Event "2nd Turkish League 2017"]
[Site "Konya"]
[Date "2017.07.18"]
[Round "3"]
[White "Ozsoy, Damla"]
[Black "Hafizoglu, Bengi"]
[Result "1/2-1/2"]
[WhiteElo "1490"]
[BlackElo "1415"]
[Annotator "NA"]
[PlyCount "60"]
[EventType "team-tourn"]
[EventCountry "TUR"]
[SourceTitle "playchess.com"]
[Source "ChessBase"]
[SourceQuality "1"]
[TimeControl "5400+30"]

1. e4 {[%emt 0:00:30]} c5 {[%emt 0:01:00]} 2. Nf3 {[%emt 0:00:30]} Nc6 {[%emt 0:00:30]} 3. d4 {[%emt 0:00:30]} cxd4 {[%emt 0:00:00]} 4. Nxd4 {[%emt 0:00:00]} g6 {[%emt 0:00:00]} 5. Nc3 {[%emt 0:00:00]} Bg7 {[%emt 0:00:00]} 6. Be3 {[%emt 0:00:30]} Nf6 {[%emt 0:01:00]} 7. Be2 {[%emt 0:00:30]} O-O {[%emt 0:00:30]} 8. O-O {[%emt 0:00:30]} d5 {[%emt 0:07:30]} 9. exd5 {[%emt 0:05:30]} Nxd5 {[%emt 0:00:30]} 10. Nxd5 {[%emt 0:03:30]} Qxd5 {[%emt 0:00:30]} 11. Bf3 {[%emt 0:00:30]} Qc4 {[%emt 0:07:30]} 12. Nxc6 {[%emt 0:04:30]} bxc6 {[%emt 0:00:30]} 13. c3 {[%emt 0:04:30]} Bf5 {[%emt 0:05:30]} 14. Qb3 {[%emt 0:09:30]} Qa6 {[%emt 0:05:30]} 15. Bc5 {[%emt 0:02:30]} Rfe8 {[%emt 0:05:30]} 16. Qa3 {[%emt 0:09:30]} Qxa3 {[%emt 0:14:30]} 17. Bxa3 {[%emt 0:00:30]} Rac8 {[%emt 0:00:30]} 18. Rfe1 {[%emt 0:01:30]} e5 {[%emt 0:01:30]} 19. Bc5 {[%emt 0:03:30]} e4 {[%emt 0:05:30]} 20. Bd1 {[%emt 0:01:30]} Rb8 {[%emt 0:01:30]} 21. Bb3 {[%emt 0:06:30]} Rb7 {[%emt 0:03:30]} 22. Rad1 {[%emt 0:02:30]} Bf8 {[%emt 0:01:30]} 23. Bxf8 {[%emt 0:06:30]} Kxf8 {[%emt 0:01:30]} 24. Rd6 {[%emt 0:00:30]} Rc8 {[%emt 0:02:30]} 25. Re2 {[%emt 0:03:30]} Ke7 {[%emt 0:01:30]} 26. Red2 {[%emt 0:01:30]} Rb6 {[%emt 0:13:32]} 27. h3 {[%emt 0:06:30]} h5 {[%emt 0:00:46]} 28. R6d4 {[%emt 0:03:30]} c5 {[%emt 0:05:09]} 29. Ra4 {[%emt 0:00:30]} Rc7 {[%emt 0:00:34]} 30. Kf1 {[%emt 0:04:37]} Rbc6 {[%emt 0:03:11]} 1/2-1/2

[Event "2nd Turkish League 2017"]
[Site "Konya"]
[Date "2017.07.18"]
[Round "3"]
[White "Ozefe, Begum"]
[Black "Ilkbahar, Nimet Seray"]
[Result "1-0"]
[WhiteElo "1403"]
[BlackElo "1618"]
[Annotator "NA"]
[PlyCount "41"]
[EventType "team-tourn"]
[EventCountry "TUR"]
[SourceTitle "playchess.com"]
[Source "ChessBase"]
[SourceQuality "1"]
[TimeControl "5400+30"]

1. d4 {[%emt 0:00:30]} d5 {[%emt 0:01:00]} 2. Nf3 {[%emt 0:00:30]} Nf6 {[%emt 0:00:00]} 3. c4 {[%emt 0:00:00]} e6 {[%emt 0:00:00]} 4. Nc3 {[%emt 0:00:00]} c6 {[%emt 0:00:30]} 5. e3 {[%emt 0:00:00]} Bd6 {[%emt 0:01:30]} 6. Bd3 {[%emt 0:00:00]} O-O {[%emt 0:00:30]} 7. O-O {[%emt 0:00:30]} b6 {[%emt 0:00:30]} 8. cxd5 {[%emt 0:00:30]} Nxd5 {[%emt 0:03:30]} 9. a3 {[%emt 0:03:30]} Nxc3 {[%emt 0:01:30]} 10. bxc3 {[%emt 0:00:30]} Nd7 {[%emt 0:01:30]} 11. Qc2 {[%emt 0:00:30]} Nf6 {[%emt 0:00:30]} 12. e4 {[%emt 0:15:30]} Bb8 {[%emt 0:16:30]} 13. e5 {[%emt 0:00:30]} Nd7 {[%emt 0:01:30]} 14. Bxh7+ {[%emt 0:00:30]} Kh8 {[%emt 0:00:00]} 15. Ng5 {[%emt 0:23:30]} g6 {[%emt 0:05:00]} 16. h4 {[%emt 0:00:30]} Kg7 {[%emt 0:00:30]} 17. h5 {[%emt 0:00:30]} gxh5 {[%emt 0:05:30]} 18. Bg8 {[%emt 0:05:30]} Nxe5 {[%emt 0:05:30]} 19. dxe5 {[%emt 0:01:30]} Bxe5 {[%emt 0:00:30]} 20. Qh7+ {[%emt 0:00:30]} Kf6 {[%emt 0:00:30]} 21. Ne4+ {[%emt 0:00:00]} 1-0

[Event "2nd Turkish League 2017"]
[Site "Konya"]
[Date "2017.07.18"]
[Round "3"]
[White "Baloglu, Dila"]
[Black "Koc, Aylin"]
[Result "1/2-1/2"]
[WhiteElo "1379"]
[BlackElo "1550"]
[Annotator "NA"]
[PlyCount "69"]
[EventType "team-tourn"]
[EventCountry "TUR"]
[SourceTitle "playchess.com"]
[Source "ChessBase"]
[SourceQuality "1"]
[TimeControl "5400+30"]

1. d4 {[%emt 0:00:30]} Nf6 {[%emt 0:01:00]} 2. Nf3 {[%emt 0:00:00]} d5 {[%emt 0:01:30]} 3. e3 {[%emt 0:00:00]} Bf5 {[%emt 0:00:00]} 4. c4 {[%emt 0:00:30]} e6 {[%emt 0:00:00]} 5. Nbd2 {[%emt 0:03:30]} Nbd7 {[%emt 0:01:30]} 6. Be2 {[%emt 0:02:30]} c6 {[%emt 0:02:30]} 7. b3 {[%emt 0:05:30]} Bd6 {[%emt 0:01:30]} 8. Bb2 {[%emt 0:05:30]} Qe7 {[%emt 0:04:30]} 9. Ne5 {[%emt 0:12:30]} Bb4 {[%emt 0:07:30]} 10. O-O {[%emt 0:08:30]} Bxd2 {[%emt 0:01:30]} 11. Qxd2 {[%emt 0:02:30]} Nxe5 {[%emt 0:00:30]} 12. dxe5 {[%emt 0:00:00]} Ne4 {[%emt 0:00:00]} 13. Qd1 {[%emt 0:04:00]} Qg5 {[%emt 0:01:00]} 14. cxd5 {[%emt 0:08:30]} exd5 {[%emt 0:00:30]} 15. Qd4 {[%emt 0:01:30]} Bh3 {[%emt 0:04:30]} 16. Bf3 {[%emt 0:02:30]} Qg6 {[%emt 0:00:30]} 17. Kh1 {[%emt 0:07:30]} Be6 {[%emt 0:07:30]} 18. Ba3 {[%emt 0:05:30]} h5 {[%emt 0:01:30]} 19. Qb4 {[%emt 0:02:30]} O-O-O {[%emt 0:02:30]} 20. Qa5 {[%emt 0:03:30]} Kb8 {[%emt 0:02:30]} 21. Bxe4 {[%emt 0:03:30]} Qxe4 {[%emt 0:00:30]} 22. Bd6+ {[%emt 0:02:03]} Ka8 {[%emt 0:03:30]} 23. Bc5 {[%emt 0:00:49]} b6 {[%emt 0:03:30]} 24. Bxb6 {[%emt 0:00:30]} Rd7 {[%emt 0:00:00]} 25. Rac1 {[%emt 0:01:21]} h4 {[%emt 0:01:00]} 26. f3 {[%emt 0:04:09]} Qxe5 {[%emt 0:01:30]} 27. Rxc6 {[%emt 0:01:25]} h3 {[%emt 0:00:30]} 28. Rg1 {[%emt 0:07:18]} hxg2+ {[%emt 0:07:30]} 29. Rxg2 {[%emt 0:00:01]} Bh3 {[%emt 0:00:30]} 30. Rgc2 {[%emt 0:03:34]} Rb7 {[%emt 0:00:30]} 31. Bd4 {[%emt 0:01:00]} Qf5 {[%emt 0:00:30]} 32. Qe1 {[%emt 0:01:45]} Qxf3+ {[%emt 0:01:30]} 33. Kg1 {[%emt 0:00:01]} Qg4+ {[%emt 0:03:30]} 34. Kh1 {[%emt 0:00:06]} Qf3+ {[%emt 0:03:30]} 35. Kg1 {[%emt 0:00:04]} 1/2-1/2

[Event "2nd Turkish League 2017"]
[Site "Konya"]
[Date "2017.07.19"]
[Round "4"]
[White "Rasulov, Vugar"]
[Black "Rzayev, Bahruz"]
[Result "1/2-1/2"]
[WhiteElo "2517"]
[BlackElo "2386"]
[Annotator "TA"]
[PlyCount "65"]
[EventType "team-tourn"]
[EventCountry "TUR"]
[SourceTitle "playchess.com"]
[Source "ChessBase"]
[SourceQuality "1"]

1. d4 {Program Activation Required} d5 2. Nf3 Nf6 3. c4 e6 4. Nc3 c6 5. e3 Bd6 6. Qc2 Nbd7 7. Be2 O-O 8. O-O Re8 9. Rd1 Qc7 10. h3 {D45: Semi-Slav: 5 e3} dxc4 (10... b6 11. a3 Bb7 12. b4 a5 13. c5 bxc5 14. bxc5 Bf8 15. Bb2 g6 16. Rab1 Ba6 17. Bxa6 Rxa6 {0-1 (54) Piasetski,L (2300)-Ristoja,S (2228) Reykjavik 2017}) 11. a4 $146 ({NOTEXT:} 11. Bxc4 Nb6 12. Bb3 h6 13. Bd2 e5 14. dxe5 Bxe5 15. Rac1 Be6 16. Ne2 Bd5 17. Bxd5 Nbxd5 18. Ned4 Rad8 19. Qa4 Nb6 20. Qb3 Nbd5 21. Qa4 Nb6 22. Qb3 Nbd5 23. Qa4 {½-½ (23) Eperjesi,L (2187)-Kahn,P (2111) Siebenlehn 2012}) 11... a6 12. Bxc4 b5 13. Bd3 Bb7 14. Bd2 b4 15. Ne4 Nxe4 16. Bxe4 Nf6 17. Bd3 c5 18. Rac1 Rac8 19. dxc5 Qxc5 20. Qxc5 Bxc5 21. Ne5 Red8 22. Be2 Bf8 23. Nc4 Ne4 24. Be1 Rxd1 25. Rxd1 Bd5 26. Nb6 Rc2 27. Bxa6 Rxb2 28. Nxd5 exd5 29. a5 Ra2 30. Bb7 Rxa5 31. Bxd5 Nc3 32. Bxc3 bxc3 33. Be4 1/2-1/2

[Event "2nd Turkish League 2017"]
[Site "Konya"]
[Date "2017.07.19"]
[Round "4"]
[White "Benderac, Ana"]
[Black "Guney, Gamze Nur"]
[Result "1-0"]
[WhiteElo "2233"]
[BlackElo "1776"]
[Annotator "NA"]
[PlyCount "49"]
[EventType "team-tourn"]
[EventCountry "TUR"]
[SourceTitle "playchess.com"]
[Source "ChessBase"]
[SourceQuality "1"]
[TimeControl "5400+30"]

1. d4 {[%emt 0:00:30]} d5 {[%emt 0:01:00]} 2. Nf3 {[%emt 0:00:00]} c6 {[%emt 0:00:30]} 3. e3 {[%emt 0:00:00]} Nf6 {[%emt 0:00:30]} 4. Nbd2 {[%emt 0:00:30]} e6 {[%emt 0:03:30]} 5. Bd3 {[%emt 0:00:30] LiveBook: 6 Games} Bd6 {[%emt 0:00:30]} 6. b3 {[%emt 0:00:30]} Nbd7 {[%emt 0:03:30]} 7. Bb2 {[%emt 0:02:30]} O-O {[%emt 0:01:30]} 8. Ne5 {[%emt 0:00:30] D05: Colle System with ...e6} Qc7 {[%emt 0:01:30]} (8... a5 9. O-O a4 10. Rb1 a3 11. Ba1 Qe7 12. f4 Bxe5 13. fxe5 Ne8 14. e4 f6 15. exd5 cxd5 {1-0 (34) Ratkovic,M (2359)-Ratkovic,M (2334) Belgrade 2014}) 9. f4 {[%emt 0:00:30]} Re8 {[%emt 0:04:30]} (9... c5 $14) 10. O-O {[%emt 0:00:30]} b6 {[%emt 0:02:30]} 11. Rf3 {[%emt 0:02:30]} Nf8 $146 {[%emt 0:03:30]} ({Predecessor:} 11... Bb7 12. Rh3 Nf8 {1-0 (26) Rivera,I (2095)-Rojas,A (1819) Quibdo 2015}) 12. Rh3 {[%emt 0:01:30]} a5 {[%emt 0:03:30]} 13. Qe2 {[%emt 0:03:30]} Bb7 {[%emt 0:08:30]} 14. g4 {[%emt 0:09:30]} c5 {[%emt 0:08:30]} 15. g5 {[%emt 0:09:30]} Ne4 {[%emt 0:03:30]} 16. Ng4 {[%emt 0:07:30]} Ng6 {[%emt 0:12:30] [#]} 17. Nxe4 {[%emt 0:13:30]} (17. Nf6+ $1 $16 {[%mdl 512]} gxf6 (17... Nxf6 18. gxf6) 18. Qh5) 17... dxe4 {[%emt 0:01:30]} 18. Bb5 $11 {[%emt 0:00:30]} Red8 {[%emt 0:05:30]} 19. Nf6+ {[%emt 0:13:30]} gxf6 {[%emt 0:04:30]} 20. Qh5 {[%emt 0:00:30]} f5 {[%emt 0:17:55]} 21. Qxh7+ {[%emt 0:02:30]} Kf8 {[%emt 0:00:30]} 22. dxc5 {[%emt 0:00:30]} e5 {[%emt 0:02:01]} 23. cxd6 {[%emt 0:01:30]} Qxd6 {[%emt 0:00:33]} 24. fxe5 {[%emt 0:01:30]} Qc5 {[%emt 0:04:04]} 25. e6 {[%emt 0:01:30]} 1-0

[Event "2nd Turkish League 2017"]
[Site "Konya"]
[Date "2017.07.19"]
[Round "4"]
[White "Yagiz, Yasin Emrah"]
[Black "Arman, Deniz"]
[Result "0-1"]
[WhiteElo "2172"]
[BlackElo "2273"]
[Annotator "NA"]
[PlyCount "92"]
[EventType "team-tourn"]
[EventCountry "TUR"]
[SourceTitle "playchess.com"]
[Source "ChessBase"]
[SourceQuality "1"]
[TimeControl "5400+30"]

1. Nf3 {[%emt 0:01:30]} d5 {[%emt 0:02:00]} 2. g3 {[%emt 0:02:30]} c5 {[%emt 0:01:30]} 3. Bg2 {[%emt 0:00:30]} Nc6 {[%emt 0:00:00]} 4. d4 {[%emt 0:00:30]} cxd4 {[%emt 0:00:00]} 5. Nxd4 {[%emt 0:00:30]} Nf6 {[%emt 0:00:30]} 6. O-O {[%emt 0:00:30]} e5 {[%emt 0:00:00]} 7. Nxc6 {[%emt 0:01:30]} bxc6 {[%emt 0:00:00]} 8. c4 {[%emt 0:00:30]} Be6 {[%emt 0:00:30]} 9. Bg5 {[%emt 0:03:30]} Rc8 {[%emt 0:01:30]} 10. Qa4 {[%emt 0:07:30]} Qd7 {[%emt 0:03:30]} 11. Bxf6 {[%emt 0:07:30]} gxf6 {[%emt 0:00:30]} 12. cxd5 {[%emt 0:02:30]} cxd5 {[%emt 0:00:30]} 13. Qxd7+ {[%emt 0:12:30]} Kxd7 {[%emt 0:00:30]} 14. Rd1 {[%emt 0:00:30]} d4 {[%emt 0:35:30]} 15. e3 {[%emt 0:18:30] [#]} (15. Nc3 $11) 15... Bc5 $1 {[%emt 0:05:30]} 16. Nc3 {[%emt 0:03:30]} Ke7 $15 {[%emt 0:01:30]} 17. exd4 {[%emt 0:02:30]} Bxd4 {[%emt 0:00:30]} 18. Nb5 {[%emt 0:07:30]} Bb6 {[%emt 0:01:30]} 19. Nc3 {[%emt 0:06:47]} Rhd8 {[%emt 0:05:30]} 20. Bb7 {[%emt 0:01:09]} Rb8 {[%emt 0:10:30]} 21. Rxd8 {[%emt 0:02:56]} Bxd8 {[%emt 0:00:30]} 22. Bd5 {[%emt 0:11:04]} Rxb2 {[%emt 0:00:30]} 23. Bxe6 {[%emt 0:00:08]} Kxe6 {[%emt 0:02:30]} 24. Kf1 {[%emt 0:02:12]} Bb6 {[%emt 0:00:30]} 25. Nd1 {[%emt 0:00:46]} Rc2 {[%emt 0:01:30]} 26. a4 {[%emt 0:00:10]} Bd4 {[%emt 0:00:30]} 27. Ra3 {[%emt 0:00:05]} f5 {[%emt 0:04:30]} 28. a5 {[%emt 0:00:51]} a6 {[%emt 0:00:30]} 29. h4 {[%emt 0:00:29]} h5 {[%emt 0:01:30]} 30. Ke1 {[%emt 0:02:54]} Bc5 {[%emt 0:04:26]} 31. Ra4 {[%emt 0:00:57]} Kd5 {[%emt 0:02:15]} 32. Kf1 {[%emt 0:00:01]} Rc4 {[%emt 0:04:32]} 33. Rxc4 {[%emt 0:01:30]} Kxc4 {[%emt 0:00:37]} 34. Ke2 {[%emt 0:00:00]} Bd4 {[%emt 0:00:00]} 35. Ne3+ {[%emt 0:00:45]} Bxe3 {[%emt 0:03:51]} 36. Kxe3 {[%emt 0:00:01]} Kd5 {[%emt 0:00:00]} 37. Kf3 {[%emt 0:01:08]} Kd4 {[%emt 0:00:54]} 38. Ke2 {[%emt 0:00:00]} e4 {[%emt 0:02:02]} 39. Kd2 {[%emt 0:00:01]} Ke5 {[%emt 0:01:15]} 40. Ke3 {[%emt 0:00:15]} f4+ {[%emt 0:01:03]} 41. gxf4+ {[%emt 0:00:30]} Kf5 {[%emt 0:00:00]} 42. Kd4 {[%emt 0:00:57]} Kxf4 {[%emt 0:00:00]} 43. Kd5 {[%emt 0:00:54]} Kf3 {[%emt 0:01:13]} 44. Ke5 {[%emt 0:00:12]} Kxf2 {[%emt 0:00:19]} 45. Kxe4 {[%emt 0:00:30]} Kg3 {[%emt 0:00:00]} 46. Kf5 {[%emt 0:01:24]} Kxh4 {[%emt 0:00:00]} 0-1